[Event "Match"]
[Site "www.echecsemail.com"]
[Date "2015.10.24"]
[Round "1"]
[White "Gilliere"]
[Black "Carazo"]
[WhiteElo "1790"]
[BlackElo "1599"]
[Result "1-0"]
[Round "1"]
1.e4 e5
2.Ng1f3 Nb8c6
3.Bf1b5 Nc6d4
4.Nf3xd4 exd4
5.d3 c6
6.Bb5c4 Ng8f6
7.Bc1g5 b5
8.Bc4b3 a5
9.a3 Bf8e7
10.Bg5xf6 Be7xf6
11.Nb1d2 O-O
12.O-O a4
13.Bb3a2 Bf6e5
14.Nd2f3 d6
15.Nf3xe5 dxe5
16.h3 Qd8g5
17.Qd1f3 Bc8e6
18.Ba2xe6 fxe6
19.Qf3g4 Qg5d2
20.Qg4xe6 Kh8
21.Qe6xc6 Rf8f6
22.Qc6xb5 Qd2xc2
23.Qb5xe5 Ra8f8
24.Qe5g3 Rf6g6
25.Qg3h4 Qc2xd3
26.Ra1d1 Qd3b3
27.Rd1xd4 Qb3xb2
28.Rd4d1 Rg6f6
29.f3 Qb2b6
30.Qh4f2 Qb6b3
31.Rd1a1 Rf8e8
32.Rf1b1 Qb3e6
33.Rb1b4 Qe6e5
34.Qf2f1 Qe5c5
35.Kh1 Qc5c3
36.Rb4xa4 h5
37.Ra4c4 Qc3e5
38.a4 Re8f8
39.a5 Rf8a8
40.Rc4a4 Kh7
41.a6 g5
42.Ra4a5 Qe5f4
43.a7 Rf6c6
44.Qf1d3 Kh6
45.Ra5a6 Rc6xa6
46.Ra1xa6 Kg7
47.Qd3d7 Kh8
48.Ra6a1 Qf4f6
49.Ra1b1 Qf6f8
50.Qd7d4 Kh7
51.e5 Qf8e7
52.Rb1a1 g4
53.Qd4e4 Kh6
54.Qe4xa8 Qe7xe5
55.Qa8c6 { resign }
1-0

[Event "Match"]
[Site "www.echecsemail.com"]
[Date "2015.10.24"]
[Round "1"]
[White "Cristiano"]
[Black "Goosebumps"]
[WhiteElo "2040"]
[BlackElo "1699"]
[Result "1-0"]
[Round "1"]
1.e4 c5
2.f4 d6
3.Nb1c3 Ng8f6
4.Ng1f3 Nb8c6
5.d3 g6
6.g3 Bf8g7
7.Bf1g2 O-O
8.O-O Bc8g4
9.Bc1e3 Nc6d4
10.Ra1b1 Bg4xf3
11.Bg2xf3 e5
12.fxe5 dxe5
13.Kh1 Nf6e8
14.Qd1d2 f5
15.exf5 Rf8xf5
16.Bf3d5 Kh8
17.Rf1xf5 gxf5
18.Be3h6 Ra8b8
19.Bh6xg7 Kxg7
20.Rb1g1 b5
21.Bd5g2 h6
22.Nc3d5 Qd8g5
23.Qd2f2 Ne8f6
24.Nd5xf6 Kxf6
25.c3 Nd4e6
26.Bg2e4 Rb8c8
27.Rg1f1 Ne6g7
28.b3 Ke6
29.Be4f3 a6
30.c4 Rc8c7
31.Bf3d5 Ke7
32.Rf1e1 Kd6
33.Qf2g2 Qg5f6
34.Re1f1 b4
35.Bd5e4 Qf6g5
36.Be4d5 a5
37.Rf1e1 Ng7e8
38.Qg2e2 Rc7e7
39.Re1a1 Ne8c7
40.Qe2f3 Nc7e8
41.Ra1f1 Ne8g7
42.Rf1d1 Qg5g4
43.Qf3xg4 fxg4
44.Rd1f1 Ng7h5
45.Rf1f5 Nh5g7
46.Rf5f6 Kd7
47.Rf6xh6 Ng7e6
48.Rh6g6 Ne6c7
49.Bd5c6 Kc8
50.Rg6g8 Nc7e8
51.Rg8xe8 { resign }
1-0

[Event "Match"]
[Site "www.echecsemail.com"]
[Date "2015.10.24"]
[Round "1"]
[White "Drdoom"]
[Black "Alpjakop8"]
[WhiteElo "1790"]
[BlackElo "1499"]
[Result "1-0"]
[Round "1"]
1.e4 e5
2.Ng1f3 Nb8c6
3.d4 exd4
4.Nf3xd4 Ng8f6
5.Nd4xc6 bxc6
6.Bf1d3 Bf8b4
7.Bc1d2  { time }
1-0

[Event "Match"]
[Site "www.echecsemail.com"]
[Date "2015.10.24"]
[Round "1"]
[White "Guidom"]
[Black "Mitja"]
[WhiteElo "2110"]
[BlackElo "2000"]
[Result "1-0"]
[Round "1"]
1.e4 d5
2.exd5 Qd8xd5
3.Nb1c3 Qd5d8
4.Bf1c4 e6
5.Ng1f3 c6
6.d3 h6
7.O-O Ng8f6
8.Rf1e1 Bf8e7
9.Bc1f4 Nb8d7
10.Nc3e4 Nf6xe4
11.dxe4 O-O
12.e5 Qd8b6
13.Bc4b3 Qb6b4
14.Bf4g3 Qb4b6
15.c3 Qb6c7
16.Bb3c2 Nd7b6
17.c4 Nb6xc4
18.Qd1d3 { resign }
1-0

[Event "Match"]
[Site "www.echecsemail.com"]
[Date "2015.10.24"]
[Round "1"]
[White "Hyeena"]
[Black "Kollipaa"]
[WhiteElo "1309"]
[BlackElo "2000"]
[Result "0-1"]
[Round "1"]
1.e4 c5
2.d3 Nb8c6
3.Ng1e2 Ng8f6
4.Bc1g5 d6
5.Bg5xf6 exf6
6.c4 Qd8b6
7.h3 Qb6xb2
8.Nb1c3 Qb2b6
9.Ra1b1 Qb6d8
10.d4 cxd4
 { time }
0-1

[Event "Match"]
[Site "www.echecsemail.com"]
[Date "2015.10.24"]
[Round "1"]
[White "Jhw"]
[Black "Heiserman"]
[WhiteElo "1910"]
[BlackElo "2100"]
[Result "0-1"]
[Round "1"]
1.Ng1f3 Ng8f6
2.c4 c5
3.Nb1c3 Nb8c6
4.e3 g6
5.Bf1e2 Bf8g7
6.d3 O-O
7.h3 d6
8.Bc1d2 Bc8f5
9.g4 Nf6xg4
10.hxg4 Bf5xg4
11.Nf3g5 Bg4xe2
12.Qd1xe2 h6
13.Ng5f3 Nc6b4
14.Bd2c1 d5
15.a3 Qd8a5
16.Kd1 dxc4
17.dxc4 Ra8d8
18.Bc1d2 Bg7xc3
19.bxc3 Qa5a4
20.Ke1 Nb4c2
21.Kf1 Nc2xa1
22.Rh1xh6 Na1b3
23.Bd2e1 Nb3c1
24.Qe2b2 Qa4xc4
25.Kg2 Qc4g4
26.Kh2 Nc1d3
27.Qb2a1 Qg4xf3
28.c4 e5
29.Rh6h3 Qf3e2
30.Kg3 Nd3xe1
31.Qa1xe5 Qe2f3
32.Kh4 Ne1g2
33.Kg5 Qf3xh3
{ resign }
0-1

[Event "Match"]
[Site "www.echecsemail.com"]
[Date "2015.10.24"]
[Round "1"]
[White "Jhw"]
[Black "Mitja"]
[WhiteElo "1880"]
[BlackElo "1890"]
[Result "0-1"]
[Round "1"]
1.Nb1c3 d5
2.d4 e6
3.g3 c6
4.e4 dxe4
5.Nc3xe4 Ng8f6
6.Ne4xf6 Qd8xf6
7.h4 h6
8.f4 Bf8d6
9.b3 Nb8d7
10.c3 Nd7b6
11.Qd1d3 h5
12.Bf1e2 g6
13.Ng1f3 Bc8d7
14.Bc1d2 Qf6e7
15.a4 Bd6c7
16.b4 a6
17.a5 Nb6d5
18.Nf3e5 Bc7xe5
19.fxe5 f6
20.Qd3xg6 Kd8
21.Be2xh5 Kc7
22.c4 Nd5xb4
23.Bd2f4 f5
24.Kd2 Ra8f8
25.Bf4g5 Qe7h7
26.Bg5e7 Qh7xe7
27.Qg6g5 Qe7h7
28.Bh5g6 Qh7g7
29.h5 Bd7e8
30.Kc3 c5
31.dxc5 Nb4c6
32.Ra1d1 Qg7xe5
33.Kc2 Be8xg6
34.Qg5xg6 Qe5e2
35.Kc1 Qe2xc4
36.Kd2 Rf8d8
37.Ke3 Qc4xc5
38.Kf4 Qc5e5
39.Kf3 Nc6d4
40.Kg2 Rh8g8
41.Qg6h7 Kb8
42.Rd1d2 Qe5xg3
43.Kf1 Qg3f3
44.Ke1 Qf3xh1
{ resign }
0-1

[Event "Match"]
[Site "www.echecsemail.com"]
[Date "2015.10.24"]
[Round "1"]
[White "Lorenatache"]
[Black "Darknight"]
[WhiteElo "1809"]
[BlackElo "1670"]
[Result "0-1"]
[Round "1"]
1.d4 d5
2.c4 e6
3.Ng1f3 h6
4.Nb1c3 Ng8f6
5.g3 c5
6.cxd5 exd5
7.e3 c4
8.Bf1g2 Bf8b4
9.O-O a6
10.Qd1a4 Nb8c6
11.Nf3e5 Bb4xc3
12.bxc3 Bc8d7
13.Ne5xd7 Qd8xd7
 { time }
0-1

[Event "Match"]
[Site "www.echecsemail.com"]
[Date "2015.10.24"]
[Round "1"]
[White "Andychesston"]
[Black "Micheles"]
[WhiteElo "2020"]
[BlackElo "2530"]
[Result "0-1"]
[Round "1"]
1.e4 c6
2.d4 d5
3.Nb1c3 dxe4
4.Nc3xe4 Bc8f5
5.Ne4c5 b6
6.Nc5b3 e6
7.Bf1d3 Bf8b4
8.c3 Bf5xd3
9.Qd1xd3 Bb4d6
10.Ng1f3 Nb8d7
11.Bc1g5 Qd8c7
12.O-O h6
13.Bg5h4 Ng8e7
14.Ra1e1 O-O
15.Nb3d2 Ne7g6
16.Nd2e4 Ng6xh4
17.Ne4xd6 Nh4xf3
18.Qd3xf3 Qc7xd6
19.b3 Nd7f6
20.Re1e5 c5
21.Rf1d1 cxd4
22.Rd1xd4 Qd6xe5
23.h3 Ra8d8
24.Rd4c4 Rd8d2
25.a4 Qe5e1
26.Kh2 Rd2xf2
27.Qf3d3 Rf2f1
28.Qd3xf1 Qe1xf1
29.b4 Qf1xc4
30.a5 Qc4f4
31.g3 Qf4f2
32.Kh1 Nf6e4
33.g4 Ne4g3

0-1

[Event "Match"]
[Site "www.echecsemail.com"]
[Date "2015.10.24"]
[Round "1"]
[White "Jhw"]
[Black "Pgcbies"]
[WhiteElo "2059"]
[BlackElo "2710"]
[Result "0-1"]
[Round "1"]
1.e4 e5
2.f4 exf4
3.d4 Qd8h4
4.Ke2 g5
5.Ng1f3 Qh4h5
6.h3 g4
7.Bc1xf4 gxf3
8.gxf3 Nb8c6
9.Bf4xc7 d6
10.c4 Kd7
11.d5 Nc6e5
12.c5 Qh5xf3
13.Kd2 Qf3f4
14.Kc3 Kxc7
15.cxd6 Bf8xd6
16.Nb1d2 Ng8f6
17.Ra1c1 Nf6xe4
18.Nd2xe4 Qf4xe4
19.Rh1h2 Qe4b4
20.Kc2 Bc8f5
21.Bf1d3 Bf5xd3
{ resign }
0-1

[Event "Match"]
[Site "www.echecsemail.com"]
[Date "2015.10.24"]
[Round "1"]
[White "Jhw"]
[Black "Darknight"]
[WhiteElo "1910"]
[BlackElo "1590"]
[Result "1-0"]
[Round "1"]
1.c4 e5
2.Ng1f3 d6
3.e3 h6
4.Nb1c3 c6
5.d3 Ng8f6
6.g3 a6
7.e4 Bc8g4
8.Bf1g2 Qd8a5
9.Bc1d2 Qa5c7
10.h3 Bg4xf3
11.Qd1xf3 c5
12.g4 Nb8c6
13.Nc3d5 Nf6xd5
14.cxd5 Nc6d4
15.Qf3d1 Bf8e7
16.Bd2c3 Nd4b5
17.Bc3d2 Nb5d4
18.O-O g5
19.Ra1c1 b6
20.b4 f6
21.bxc5 dxc5
22.Bd2e3 Nd4b5
23.Qd1a4 Be7d6
24.Rc1c4 Ke7
25.Rf1b1 Qc7b7
26.Qa4b3 h5
27.f3 hxg4
28.fxg4 Rh8b8
29.a4 Nb5d4
30.Be3xd4 exd4
31.Bg2f3 Qb7c7
32.Kg2 Bd6f4
33.Rb1h1 Kf7
34.h4 gxh4
35.Rh1xh4 Kg6
36.e5 Ra8a7
37.Bf3e4 Kg5
38.Rh4h5 Kxg4
39.Qb3d1 
1-0

[Event "Match"]
[Site "www.echecsemail.com"]
[Date "2015.10.24"]
[Round "1"]
[White "Jhw"]
[Black "Pariolinius"]
[WhiteElo "1910"]
[BlackElo "1970"]
[Result "0-1"]
[Round "1"]
1.Ng1f3 Ng8f6
2.c4 g6
3.d4 d5
4.Nb1c3 Bf8g7
5.Nf3e5 O-O
6.e3 c6
7.f4 Nb8d7
8.g4 Nd7xe5
9.fxe5 Nf6xg4
10.cxd5 cxd5
11.Qd1b3 Bg7h6
12.h3 Ng4xe3
13.Bc1xe3 Bh6xe3
14.Nc3xd5 Be3xd4
15.O-O-O Bd4xe5
16.Bf1c4 e6
17.Rh1e1 Be5g7
18.Nd5f4 Qd8g5
19.Re1e4 Ra8b8
20.Kb1 b5
21.Bc4xb5 Rb8xb5
22.Qb3a4 Rb5xb2
23.Kc1 Qg5c5
24.Re4c4 Qc5e3
{ resign }
0-1

[Event "Match"]
[Site "www.echecsemail.com"]
[Date "2015.10.24"]
[Round "1"]
[White "Jhw"]
[Black "Whitekknight"]
[WhiteElo "1910"]
[BlackElo "1930"]
[Result "1-0"]
[Round "1"]
1.Ng1f3 d5
2.g3 Ng8f6
3.d4 e6
4.e3 Bf8d6
5.Bf1g2 Nb8c6
6.a3 Bc8d7
7.b4 a6
8.Qd1d3 Nf6e4
9.h4 Ne4xf2
10.Kxf2 Qd8f6
11.c3 O-O-O
12.e4 dxe4
13.Qd3xe4 h6
14.Bc1e3 Rh8e8
15.Nb1d2 Nc6b8
16.Nd2c4 Bd7c6
17.Qe4g4 Bc6d7
18.Nc4xd6 cxd6
19.Ke2 e5
20.Qg4h5 exd4
21.Nf3xd4 Nb8c6
22.Rh1f1 Nc6xd4
23.cxd4 Qf6xd4
24.Qh5f3 Bd7c6
25.Ra1c1 Kb8
26.Rc1xc6 bxc6
27.Rf1d1 Qd4b2
28.Kf1 d5
29.Be3d4 Qb2xa3
30.Qf3xa3 { resign }
1-0

[Event "Match"]
[Site "www.echecsemail.com"]
[Date "2015.10.24"]
[Round "1"]
[White "Delacey"]
[Black "Geodad5"]
[WhiteElo "1920"]
[BlackElo "2180"]
[Result "1-0"]
[Round "1"]
1.d4 d5
2.c4 e6
3.e3 Ng8f6
4.f3 Bf8e7
5.Bf1d3 O-O
6.Ng1e2 Nb8d7
7.O-O c5
8.Qd1c2 dxc4
9.Bd3xc4 cxd4
10.Ne2xd4 a6
11.Bc4xe6 Nd7b6
12.Be6f5 Bc8xf5
13.Nd4xf5 Rf8e8
14.Nb1c3 Ra8c8
15.Qc2b3 Be7c5
16.Rf1d1 Qd8c7
17.Kh1 g6
18.Nf5h6 Kg7
19.e4 Bc5d6
20.Rd1xd6 { resign }
1-0

[Event "1/128 Finale"]
[Site "www.chess-mail.com"]
[Date "2015.10.24"]
[Round "1"]
[White "Orhany24"]
[Black "Raulazo"]
[WhiteElo "2000"]
[BlackElo "2020"]
[Result "1-0"]
[Round "1"]
1.e4 e5
2.Ng1f3 Nb8c6
3.Bf1c4 f6
4.O-O b6
5.d4 Bc8b7
6.dxe5 Qd8e7
7.exf6 gxf6
8.Nb1c3 O-O-O
9.Bc1f4 Bf8h6
10.Bf4g3 Bh6g7
11.Rf1e1 Ng8h6
12.Nc3d5 Qe7c5
13.Bc4b3 Nh6g4
14.h3 Ng4h6
15.Nd5xc7 f5
16.Bg3d6 Qc5a5
17.c3 fxe4
18.Re1xe4 Qa5f5
19.Bb3c2 Qf5f6
20.Re4c4 Rh8g8
21.Bd6g3 Qf6f7
22.Bc2b3 Qf7h5
23.Qd1d6 Bg7f8
24.Qd6d3 Nh6f5
25.Rc4xc6 Bb7xc6
26.Bb3xg8 Bf8e7
27.Nc7d5 Rd8xg8
28.Nd5xe7 Nf5xe7
29.Qd3d6 Rg8xg3
30.Qd6xg3 Ne7f5
31.Qg3g4 Qh5f7
32.Nf3e5 Qf7e6
33.Ra1e1 Bc6d5
34.c4 Bd5xc4
35.Qg4xc4 Kb7
36.Qc4xe6 dxe6
37.g4 Nf5d6
38.b3 Kc7
39.f4 a5
40.Kg2 Nd6b5
41.h4 Nb5d4
42.g5 Nd4f5
43.h5 Nf5g7
44.Re1d1 Ng7xh5
45.Kf3 b5
46.Rd1d7 Kc8
47.Rd7xh7 Nh5xf4
48.Kxf4 a4
49.Ke4 axb3
50.axb3 b4
51.Rh7f7 { resign }
1-0

[Event "1/64 Finale"]
[Site "www.chess-mail.com"]
[Date "2015.10.24"]
[Round "1"]
[White "Vogue"]
[Black "Jaroslavpech"]
[WhiteElo "2270"]
[BlackElo "2220"]
[Result "1-0"]
[Round "1"]
1.c4 e5
2.g3 Ng8f6
3.Bf1g2 d5
4.cxd5 Nf6xd5
5.Nb1c3 Nd5b6
6.Ng1f3 Nb8c6
7.O-O Bf8e7
8.a3 O-O
9.b4 Bc8e6
10.Ra1b1  { time }
1-0

[Event "Fast Game"]
[Site "www.echecsemail.com"]
[Date "2015.10.24"]
[Round "1"]
[White "Cardiff"]
[Black "Ranjachess"]
[WhiteElo "1680"]
[BlackElo "1629"]
[Result "1-0"]
[Round "1"]
1.d4 d5
2.c4 e6
3.Nb1c3 Bf8b4
4.e3 Bb4xc3
5.bxc3 Ng8e7
6.Ng1f3 b6
7.cxd5 exd5
8.Bf1d3 Bc8g4
9.O-O O-O
10.Bd3xh7 Kh8
11.Bh7c2 g6
12.h3 Bg4xf3
13.Qd1xf3 f5
14.Bc1a3 c5
15.dxc5 bxc5
16.Ba3xc5 Nb8c6
17.Bc2a4 Ra8c8
18.Rf1d1 Nc6e5
19.Bc5d4 Qd8c7
20.Qf3g3 Rf8e8
21.Ba4xe8 Ne7c6
22.Be8xc6 Qc7xc6
23.Qg3xe5 { resign }
1-0

[Event "Fast Game"]
[Site "www.echecsemail.com"]
[Date "2015.10.24"]
[Round "1"]
[White "Naujzaid"]
[Black "Sonny1000"]
[WhiteElo "1439"]
[BlackElo "1399"]
[Result "1-0"]
[Round "1"]
1.d4 Ng8f6
2.c4 c6
3.Nb1c3 Nb8a6
4.Ng1f3 d6
5.e4 d5
6.cxd5 cxd5
7.Nf3e5 dxe4
8.Nc3xe4 Nf6xe4
9.Bf1b5 Bc8d7
10.Bb5xd7 { resign }
1-0

[Event "Tourn. n8407"]
[Site "www.chess-mail.com"]
[Date "2015.10.25"]
[Round "1"]
[White "Hansen"]
[Black "Dulap"]
[WhiteElo "1510"]
[BlackElo "999"]
[Result "0-1"]
[Round "1"]
1.e4 c5
2.d3 Nb8c6
3.Bc1d2 d6
4.Nb1c3 Ng8f6
5.h3 g6
6.Bd2g5 Bf8g7
7.Ng1f3 O-O
8.d4 cxd4
9.Nc3b5 Nf6xe4
10.Qd1e2 Ne4xg5
11.Nf3xg5 Qd8a5
12.c3 a6
13.b4 Qa5xb5
14.Qe2xb5 axb5
15.Bf1xb5 dxc3
16.Bb5xc6 bxc6
17.O-O c2
18.Ra1e1 Bc8a6
19.Re1xe7 Ba6xf1
20.Kxf1 c1Q
21.Re7e1 Qc1c4
22.Kg1 Qc4xb4
23.Re1e4 Qb4b1
24.Kh2 h6
25.Ng5f3 Qb1xe4
{ resign }
0-1

[Event "Tourn. n8393"]
[Site "www.chess-mail.com"]
[Date "2015.10.25"]
[Round "1"]
[White "Relaxmax"]
[Black "Iko"]
[WhiteElo "1499"]
[BlackElo "1640"]
[Result "1-0"]
[Round "1"]
1.e4 e5
2.Ng1f3 d6
3.d4 Bc8g4
4.dxe5 dxe5
5.Qd1xd8 Kxd8
6.Nf3xe5 Ng8h6
7.Bc1xh6 gxh6
8.Ne5xg4 Nb8c6
9.Nb1c3 Bf8b4
10.O-O-O Ke8
11.Nc3d5 O-O-O
12.Bf1b5 Nc6a5
13.Nd5xb4 h5
14.Rd1xd8 Rh8xd8
15.Ng4f6 Rd8d4
16.Rh1d1 Rd4xb4
17.Bb5d7 Kd8
18.a3 Rb4b6
19.Nf6xh5 Rb6h6
20.h3 Rh6d6
21.Rd1xd6 cxd6
22.Bd7b5 a6
23.b4 Na5c6
24.Bb5xc6 bxc6
25.Kd2 h6
26.Nh5g7 Ke7
27.Ng7f5 Kf6
28.Nf5xd6 Ke6
29.Nd6f5 h5
30.Nf5g7 Kf6
31.Ng7xh5 Ke5
32.Ke3 f6
33.f4 Ke6
34.g4 c5
35.g5 fxg5
36.fxg5 cxb4
37.axb4 a5
38.bxa5 Kd6
39.g6 Ke7
40.a6 Ke6
41.a7 Ke5
42.a8Q Ke6
43.Qa8d8 Ke5
44.Qd8e7 
1-0

[Event "Tourn. n8416"]
[Site "www.chess-mail.com"]
[Date "2015.10.25"]
[Round "1"]
[White "Bevittsmith"]
[Black "Comrade"]
[WhiteElo "2260"]
[BlackElo "2070"]
[Result "1-0"]
[Round "1"]
1.e4 c5
2.Ng1f3 e6
3.d4 cxd4
4.Nf3xd4 Nb8c6
5.Nb1c3 Ng8f6
6.Nd4xc6 bxc6
7.e5 Nf6d5
8.Nc3e4 Bf8e7
9.c4 Qd8a5
10.Bc1d2 Nd5b4
11.f4 Qa5b6
12.a3 Nb4a6
13.b4 d5
14.c5  { time }
1-0

[Event "Tourn. n8415"]
[Site "www.chess-mail.com"]
[Date "2015.10.25"]
[Round "1"]
[White "Emerchess"]
[Black "Caspito"]
[WhiteElo "1859"]
[BlackElo "1810"]
[Result "1-0"]
[Round "1"]
1.Ng1f3 Nb8c6
2.d4 d5
3.Bc1f4 Ng8f6
4.h3 e6
5.e3 Nf6e4
6.Bf1d3 Bf8d6
7.Bf4xd6 Qd8xd6
8.Nb1d2 Qd6b4
9.Qd1c1 O-O
10.O-O Ne4xd2
11.Nf3xd2 e5
12.c3 Qb4e7
13.dxe5 Nc6xe5
14.Bd3c2 Qe7g5
15.Kh2 Qg5h4
16.Qc1d1 c5
17.Nd2f3 Ne5xf3
18.Qd1xf3 Bc8e6
19.Bc2f5 Ra8d8
20.Ra1d1 b6
21.Rd1d3 Qh4c4
22.Rd3d1 a5
23.a3 b5
24.Rf1e1 b4
25.e4 d4
26.e5 Qc4d5
27.Bf5e4 Qd5b3
28.cxd4 Qb3xf3
29.Be4xf3 Rd8xd4
30.Rd1xd4 cxd4
31.Bf3e4 Rf8d8
32.axb4 axb4
33.Re1a1 g6
34.Ra1a8 Rd8xa8
35.Be4xa8 Be6c4
36.Ba8f3 Kg7
37.Bf3d1 b3
38.f4 f5
39.g3 h6
40.Kg2 g5
41.Kf2 Kg6
42.Bd1e2 d3
43.Be2d1 h5
44.Ke3 gxf4
45.gxf4 h4
46.Kd4 Bc4e6
47.Kxd3 Kf7
48.Kc3 Ke7
49.Bd1xb3 Be6d7
50.Kd4 Bd7c8
51.Bb3c4 Bc8b7
52.Bc4f1 Bb7e4
53.b4 Kd7
54.Kc5 Kc7
55.b5 Be4b7
56.Bf1d3 Bb7c8
57.b6 Kb7
58.Bd3c4 Bc8d7
59.e6 Bd7e8
60.Bc4d3 { resign }
1-0

[Event "Tourn. n8415"]
[Site "www.chess-mail.com"]
[Date "2015.10.25"]
[Round "1"]
[White "Bojan"]
[Black "Osopanda"]
[WhiteElo "1910"]
[BlackElo "1940"]
[Result "0-1"]
[Round "1"]
1.e4 c5
2.Qd1h5 Ng8f6
3.Qh5xc5 Nb8c6
4.e5 d6
5.exd6 exd6
6.Qc5e3 Bc8e6
7.Ng1f3 Bf8e7
8.Bf1b5 O-O
9.a3 Nc6e5
10.Nf3xe5 dxe5
11.Qe3xe5 a6
12.Bb5e2 Rf8e8
13.O-O Be7d6
14.Qe5c3 Ra8c8
15.Qc3d3 Be6c4
16.Qd3d4 Bd6xh2
17.Kxh2 Qd8xd4
18.Be2xc4 Rc8xc4
19.g3 Nf6g4
20.Kg1 Re8e1
{ resign }
0-1

[Event "Tourn. n8413"]
[Site "www.chess-mail.com"]
[Date "2015.10.25"]
[Round "1"]
[White "Cathar"]
[Black "Asoka"]
[WhiteElo "2260"]
[BlackElo "2660"]
[Result "0-1"]
[Round "1"]
1.e4 e6
2.d3 d5
3.Qd1e2 Bf8e7
4.Ng1f3 c5
5.g3 Ng8f6
6.Bf1g2 O-O
7.O-O Nb8c6
8.e5 Nf6d7
9.c4 Ra8b8
10.h4 b5
11.cxd5 exd5
12.Nb1c3 Nd7b6
13.Nc3xb5 Bc8g4
14.Bc1f4 Nb6d7
15.Nb5c3 Nc6d4
16.Qe2d1 Rb8xb2
17.Nc3xd5 Be7xh4
18.gxh4 Nd4e2
19.Kh1 Bg4xf3
{ resign }
0-1

[Event "Tourn. n8410"]
[Site "www.chess-mail.com"]
[Date "2015.10.25"]
[Round "1"]
[White "Orhany24"]
[Black "Ffdd65"]
[WhiteElo "2030"]
[BlackElo "2200"]
[Result "0-1"]
[Round "1"]
1.d4 d5
2.c4 c6
3.Nb1c3 e6
4.Ng1f3 h6
5.Bc1f4 Bf8d6
6.Bf4xd6 Qd8xd6
7.e3 Nb8d7
8.c5 Qd6c7
9.Bf1d3 Ng8f6
10.O-O e5
11.Nf3d2 e4
12.Bd3e2 Nd7f8
13.f3 exf3
14.Nd2xf3 Nf6g4
15.Qd1d2 Nf8e6
16.h3 Ng4f6
17.Ra1e1 Ne6g5
18.Nf3xg5 hxg5
19.Be2d3 Bc8e6
20.e4 O-O-O
21.e5 g4
22.exf6 gxh3
23.Bd3f5 gxf6
24.Bf5xe6 fxe6
25.Re1xe6 Rd8g8
26.Rf1f2 Qc7h2
{ resign }
0-1

[Event "Tourn. n8376"]
[Site "www.chess-mail.com"]
[Date "2015.10.25"]
[Round "1"]
[White "Vogue"]
[Black "Numanoid"]
[WhiteElo "2210"]
[BlackElo "2500"]
[Result "1-0"]
[Round "1"]
1.c4 g6
2.g3 c5
3.Nb1c3 Nb8c6
4.Bf1g2 Bf8g7
5.a3 d6
6.Ra1b1 Qd8d7
7.b4 Bg7xc3
8.dxc3 Qd7c7
9.bxc5 dxc5
10.Ng1h3 Ng8f6
11.Nh3f4 Bc8f5
12.Rb1b2 O-O
13.O-O Ra8d8
14.Nf4d5 Nf6xd5
15.cxd5 e6
16.e4 { resign }
1-0

[Event "Tourn. n8389"]
[Site "www.chess-mail.com"]
[Date "2015.10.25"]
[Round "1"]
[White "Stepanpech"]
[Black "Snebur56"]
[WhiteElo "2320"]
[BlackElo "2510"]
[Result "0-1"]
[Round "1"]
1.d4 Ng8f6
2.c4 g6
3.Nb1c3 d5
4.cxd5 Nf6xd5
5.e4 Nd5xc3
6.bxc3 Bf8g7
7.Ng1f3 c5
8.Bc1e3 Bc8g4
9.Ra1c1 Bg4xf3
10.gxf3 { time. }
0-1

[Event "Tourn. n8389"]
[Site "www.chess-mail.com"]
[Date "2015.10.25"]
[Round "1"]
[White "Stepanpech"]
[Black "Sonivano"]
[WhiteElo "2320"]
[BlackElo "2330"]
[Result "0-1"]
[Round "1"]
1.e4 e5
2.Ng1f3 Nb8c6
3.Bf1b5 a6
4.Bb5a4 Ng8f6
5.O-O Nf6xe4
6.d4 b5
7.Ba4b3 d5
8.dxe5 Bc8e6
9.c3 Bf8c5
10.Nb1d2 Ne4xd2
11.Qd1xd2 O-O
12.Qd2d3 g6
13.Rf1d1 Nc6e7
14.Bc1g5 { time. }
0-1

[Event "Tourn. n8343"]
[Site "www.chess-mail.com"]
[Date "2015.10.25"]
[Round "1"]
[White "Asoka"]
[Black "Stepanpech"]
[WhiteElo "2660"]
[BlackElo "2400"]
[Result "1-0"]
[Round "1"]
1.c4 e5
2.Nb1c3 Ng8f6
3.Ng1f3 Nb8c6
4.d3 d5
5.cxd5 Nf6xd5
6.e4 Nd5b6
7.Bc1e3 Bf8e7
8.d4 exd4
9.Nf3xd4 Nc6xd4
10.Qd1xd4 O-O
11.O-O-O Bc8e6
12.Qd4xd8 Ra8xd8
13.Bf1e2 Nb6c4
14.Be3f4 c6
15.b3 Nc4d6
16.Kc2 b5
17.f3 a5
{ time. }
1-0

[Event "Tourn. n8372"]
[Site "www.chess-mail.com"]
[Date "2015.10.25"]
[Round "1"]
[White "Attatroll"]
[Black "Jhw"]
[WhiteElo "1940"]
[BlackElo "1910"]
[Result "1-0"]
[Round "1"]
1.d4 Ng8f6
2.c4 c5
3.d5 e6
4.Nb1c3 exd5
5.Nc3xd5 Nb8c6
6.Bc1g5 Bf8e7
7.Ng1f3 d6
8.e3 Bc8f5
9.Bf1d3 Bf5xd3
10.Qd1xd3 Qd8a5
11.Qd3c3 Nc6b4
12.O-O Nf6e4
13.Qc3xg7 O-O-O
14.Nd5xe7 Kb8
15.Ne7d5 Nb4c2
16.Ra1c1 Ne4xg5
17.Qg7xg5 Rd8g8
18.Qg5f5 Nc2b4
19.Qf5xf7 Rg8f8
20.Qf7d7 Nb4xd5
21.cxd5 Qa5xa2
22.Qd7xd6 Ka8
23.Qd6xc5 Qa2xb2
24.d6 b6
25.Qc5c6 Kb8
26.Qc6c7 Ka8
27.d7 Rf8b8
28.Rf1d1 Rh8d8
29.Qc7c6 { resign }
1-0

[Event "Tourn. n8386"]
[Site "www.chess-mail.com"]
[Date "2015.10.25"]
[Round "1"]
[White "Raulazo"]
[Black "Heiserman"]
[WhiteElo "1830"]
[BlackElo "2100"]
[Result "0-1"]
[Round "1"]
1.e4 d6
2.Bf1c4 Ng8f6
3.Nb1c3 g6
4.Ng1f3 Bf8g7
5.Bc4xf7 Kxf7
6.Nf3g5 Kf8
7.Nc3e2 h6
8.Ng5f3 Nf6xe4
9.O-O Kf7
10.c3 Rh8f8
11.Qd1b3 e6
12.d3 Ne4c5
13.Qb3c4 b6
14.b4 Bc8a6
15.b5 Ba6b7
16.Nf3h4 Bb7d5
17.Qc4g4 g5
18.Qg4h5 Kg8
19.Nh4g6 Rf8f7
20.d4 Nc5e4
21.a4 Qd8f6
22.Bc1e3 Qf6f5
23.g4 Qf5f3
24.Ne2g3 Ne4xg3
{ resign }
0-1

[Event "Tourn. n8430"]
[Site "www.chess-mail.com"]
[Date "2015.10.25"]
[Round "1"]
[White "Lino"]
[Black "Francesco"]
[WhiteElo "2039"]
[BlackElo "1980"]
[Result "1-0"]
[Round "1"]
1.e4 c6
2.d4 d5
3.e5 Bc8f5
4.Ng1f3 e6
5.Bf1e2 c5
6.Bc1e3 cxd4
7.Nf3xd4 Bf5g6
8.O-O Bf8c5
9.Nd4xe6 fxe6
10.Be3xc5 Ng8e7
11.c4 dxc4
12.Qd1xd8 Kxd8
13.Be2xc4 b6
14.Bc5d6 Nb8c6
15.Nb1c3 Ra8c8
16.Bc4xe6 { resign }
1-0

[Event "Tourn. n8435"]
[Site "www.chess-mail.com"]
[Date "2015.10.25"]
[Round "1"]
[White "Easychess"]
[Black "Goosebumps"]
[WhiteElo "1410"]
[BlackElo "1699"]
[Result "1-0"]
[Round "1"]
1.e4 e5
2.Ng1f3 Nb8c6
3.Bf1b5 Bf8c5
4.c3 Ng8f6
5.d4 exd4
6.e5 Nf6d5
7.cxd4 Bc5b4
8.Bc1d2 Qd8e7
9.O-O Bb4xd2
10.Qd1xd2 a6
11.Bb5xc6 dxc6
12.Nb1c3 O-O
13.Ra1c1 f6
14.Nc3xd5 cxd5
15.exf6 Rf8xf6
16.Rf1e1 Qe7d6
17.Re1e8 Kf7
18.Rc1e1 Rf6xf3
19.gxf3 Qd6g6
20.Kh1 Qg6f6
21.Qd2e3 c6
22.Qe3e7 Qf6xe7
23.Re1xe7 Kf6
24.Re7c7 { resign }
1-0

[Event "Tourn. n8325"]
[Site "www.chess-mail.com"]
[Date "2015.10.25"]
[Round "1"]
[White "Yangqi"]
[Black "Julianlore"]
[WhiteElo "2470"]
[BlackElo "2560"]
[Result "0-1"]
[Round "1"]
1.c4 e5
2.g3 Ng8f6
3.Nb1c3 Bf8b4
4.Bf1g2 O-O
5.Ng1f3 Nb8c6
6.Nc3d5 Bb4c5
7.O-O d6
8.d3 h6
9.e3 a6
10.b3 Bc5a7
11.Nd5xf6 Qd8xf6
12.Bc1b2 Bc8g4
13.h3 Bg4h5
14.Bb2c3 Ra8d8
15.g4 Bh5g6
16.b4 Nc6b8
17.a4 Nb8d7
18.a5 Qf6e7
19.e4 Rf8e8
20.Bc3d2 Nd7f8
21.Bd2e3 Ba7xe3
22.fxe3 c6
23.Qd1b3 h5
24.g5 d5
25.cxd5 cxd5
26.exd5 e4
27.dxe4 Bg6xe4
28.Ra1d1 Rd8d7
29.Rd1d4 Qe7d8
30.d6 Nf8g6
31.h4 Rd7xd6
32.Nf3e5 Ng6xe5
33.Rd4xd6 Qd8xd6
34.Bg2xe4 g6
35.Be4xb7 Re8b8
36.Bb7g2 Rb8xb4
37.Rf1d1 Qd6b8
38.Rd1d8 Qb8xd8
39.Qb3xb4 Ne5g4
40.Qb4e1 Qd8b8
41.Bg2f3 Qb8h2
42.Kf1 Qh2h3
43.Ke2 Ng4e5
44.Bf3b7 Qh3g4
45.Kf1 Qg4f5
46.Kg1 Qf5c2
47.Bb7d5 Qc2b2
48.Bd5g2 Ne5d3
49.Qe1g3 Qb2a1
50.Bg2f1 Nd3e5
51.Kg2 Qa1xa5
52.Bf1xa6 Qa5a2
53.Kh3 Qa2e6
54.Kg2 Ne5g4
55.Ba6d3 Qe6a2
56.Kg1 Qa2a1
57.Kg2 Qa1b2
58.Kg1 Qb2c1
59.Bd3f1 Qc1xe3
60.Kg2 Qe3d2
61.Kg1 Qd2c1
62.Qg3b8 Kg7
63.Qb8g3 Qc1c5
64.Kh1 Qc5c6
65.Kg1 Qc6c1
66.Qg3f4 Qc1xf4
{ resign }
0-1

[Event "Match"]
[Site "www.echecsemail.com"]
[Date "2015.10.25"]
[Round "1"]
[White "Darknight"]
[Black "Goosebumps"]
[WhiteElo "1730"]
[BlackElo "2119"]
[Result "0-1"]
[Round "1"]
1.e4 e5
2.Bf1c4 Ng8f6
3.d3 Nb8c6
4.c3 Bf8c5
5.h3 O-O
6.Bc1g5 h6
7.h4 d6
8.f3 Bc8e6
9.Nb1d2 Bc5xg1
10.Rh1xg1 hxg5
11.hxg5 Nf6h7
12.Qd1e2 Qd8xg5
13.O-O-O Be6xc4
14.dxc4 Rf8e8
15.Rg1h1 Re8e6
16.Kb1 f5
17.Rh1h3 Re6h6
18.Rd1h1 Rh6xh3
19.Rh1xh3 Ra8e8
20.Nd2f1 f4
21.Nf1h2 Nh7f6
22.Qe2e1 Re8e6
23.Qe1h1 Nc6e7
24.Nh2g4 Nf6xg4
25.fxg4 Re6jh6
26.Rh3xh6 Qg5xh6
27.Qh1d1 c6
28.Qd1f3 Qh6e6
29.Qf3e2 d5
30.c5 Ne7g6
31.b3 dxe4
32.Kb2 Qe6d5
33.b4 f3
34.gxf3 exf3
35.Qe2e3 e4
36.Ka3 Qd5d3
37.Qe3c1 f2
38.Qc1g5 f1Q
39.Qg5xg6 Qd3xc3
{ resign }
0-1